[Event "Schwaben-ch"]
[Site "Sonthofen"]
[Date "2013.11.02"]
[Round "4.9"]
[White "Sonnberger, Julian"]
[Black "Tyroller, Ernst"]
[Result "1-0"]
[WhiteElo "1332"]
[BlackElo "1217"]
[PlyCount "95"]
[EventDate "2013.11.01"]
[EventType "swiss"]
[EventRounds "6"]
[EventCountry "GER"]
[SourceTitle "EXT 2022"]
[Source "ChessBase"]
[SourceDate "2021.10.06"]
[SourceVersion "1"]
[SourceVersionDate "2021.10.06"]
[SourceQuality "1"]

1. e4 c5 2. d4 e6 3. Nf3 cxd4 4. c3 Nc6 5. cxd4 d5 6. exd5 exd5 7. Bf4 Nf6 8. Nc3 a6 9. Be2 Be7 10. 0-0 0-0 11. Ne5 Be6 12. Nxc6 bxc6 13. Qa4 Qb6 14. Qc2 Rfc8 15. Be3 Qc7 16. Rfe1 Bd6 17. g3 Qd7 18. Na4 Qb7 19. Bf1 Bb4 20. Rec1 Ne4 21. Nc5 Nxc5 22. dxc5 Ba5 23. Qa4 Bd8 24. Bd4 f6 25. Rc3 a5 26. Ra3 Qd7 27. Re1 Bh3 28. Bxh3 Qxh3 29. Rae3 Kf7 30. Bc3 Kg6 31. Re6 Qf5 32. Rxc6 Qd7 33. Qc2+ Kf7 34. Rxc8 Rxc8 35. Qxh7 Rxc5 36. Qh5+ Kf8 37. Qf3 Qf7 38. b4 Rb5 39. a4 Rb8 40. b5 Ra8 41. Rd1 Rc8 42. Rxd5 Rxc3 43. Rxd8+ Ke7 44. Qb7+ Ke6 45. Rd6+ Kxd6 46. Qxf7 Rc7 47. Qf8+ Ke5 48. Qa8 1-0